Normal view
MARC view
- Hunt, Lionel Charles .
Entry Personal Name
001 - CONTROL NUMBER
- control field: 1651
003 - CONTROL NUMBER IDENTIFIER
- control field: OSt
005 - DATE AND TIME OF LATEST TRANSACTION
- control field: 20161006115011.0
008 - FIXED-LENGTH DATA ELEMENTS
- fixed length control field: 161006|| aca||aabn | a|a d
040 ## - CATALOGING SOURCE
- Original cataloging agency: OSt
- Transcribing agency: OSt
100 ## - HEADING--PERSONAL NAME
- Personal name: Hunt, Lionel Charles .
670 ## - SOURCE DATA FOUND
- Source citation: Work cat.: (OSt)7219: Hunt, Lionel Charles ., Pree-Degree Zoology / , 1972.
